| 000 | 00997nam a2200277 i 4500 | ||
|---|---|---|---|
| 999 |
_c68316 _d68316 |
||
| 003 | Mx-PuUPA | ||
| 005 | 20191008163008.0 | ||
| 008 | 190712s2002 mauad||fr|||| 001 0 eng d | ||
| 020 | _a1584500778 | ||
| 040 |
_aMx-PuUPA _bspa _cMx-PuUPA _dMx-PuUPA _erda |
||
| 041 | 0 | _aeng | |
| 245 | 1 | 3 |
_aAl game programming wisdom / _cedited by Steve Rabin |
| 264 | 1 |
_aHingham, Massachusetts : _bCharles River Media, _c©2002 |
|
| 300 |
_axxxii, 672 páginas : _bilustraciones, diagramas ; _c25 cm |
||
| 336 |
_atexto _2rdacontent _btxt |
||
| 337 |
_asin medio _2rdamedia _bn |
||
| 338 |
_avolumen _2rdacarrier _bnc |
||
| 650 | 4 |
_aJuegos por computador _xDiseño |
|
| 650 | 4 |
_aJuegos por computador _xProgramación |
|
| 650 | 4 | _aGráficos por computador | |
| 700 | 1 |
_99579 _aRabin, Steve, _eeditor |
|
| 942 |
_2ddc _cLI _h794.815446 _iG184 |
||